[Event "CAN-ch Seniors 65+"]
[Site "Etobicoke CAN"]
[Date "2023.08.05"]
[Round "2.1"]
[White "Bluvshtein, Ilia"]
[Black "Hartman, Brian"]
[Result "1/2-1/2"]
[WhiteElo "2076"]
[BlackElo "2340"]
[PlyCount "48"]
[GameId "2160767907068213"]
[EventDate "2023.08.04"]
[EventType "swiss"]
[EventRounds "7"]
[EventCountry "CAN"]

1. e4 e5 2. Nf3 Nc6 3. d4 exd4 4. Nxd4 Nf6 5. Nc3 Bb4 6. Nxc6 bxc6 7. Bd3 d5 8. exd5 O-O 9. O-O cxd5 10. Bg5 c6 11. Qf3 Re8 12. Rfe1 Be6 13. h3 h6 14. Bh4 Rb8 15. a3 Be7 16. b3 a5 17. Ne2 Bc5 18. Nf4 Bd4 19. Rad1 Bb2 20. Nh5 g5 21. Bg3 Rb7 22. Be5 Bxe5 23. Rxe5 Nxh5 24. Qxh5 Qf6 1/2-1/2

[Event "CAN-ch Seniors 65+"]
[Site "Etobicoke CAN"]
[Date "2023.08.05"]
[Round "3.3"]
[White "Hartman, Brian"]
[Black "Verde, Pino"]
[Result "1-0"]
[WhiteElo "2340"]
[BlackElo "1473"]
[PlyCount "99"]
[GameId "2160767907068220"]
[EventDate "2023.08.04"]
[EventType "swiss"]
[EventRounds "7"]
[EventCountry "CAN"]

1. e4 g6 2. d4 d6 3. Nf3 Bg7 4. Nc3 Nd7 5. Bc4 e6 6. Bg5 Ne7 7. h4 h6 8. Be3 c6 9. Qd2 b5 10. Bd3 a5 11. d5 b4 12. dxc6 bxc3 13. cxd7+ Bxd7 14. bxc3 Rc8 15. Bd4 e5 16. Be3 Qc7 17. Rb1 Qxc3 18. Qxc3 Rxc3 19. Bd2 Rc5 20. Rb8+ Nc8 21. Ra8 O-O 22. Rxa5 Rxa5 23. Bxa5 f5 24. Nd2 Be6 25. a3 Bf6 26. h5 Kg7 27. hxg6 Kxg6 28. exf5+ Bxf5 29. Bxf5+ Kxf5 30. Rxh6 d5 31. Rh5+ Kg4 32. Rh3 Nd6 33. Bb4 Rd8 34. Bxd6 Rxd6 35. a4 Ra6 36. Ra3 Be7 37. Ra2 Bb4 38. Ke2 e4 39. c4 Bxd2 40. Kxd2 d4 41. f3+ Kf4 42. fxe4 Kxe4 43. a5 Rg6 44. Kc1 Rc6 45. a6 Rxc4+ 46. Kd2 Rc8 47. a7 Ra8 48. Ra5 Kf4 49. Kd3 Kg3 50. Ra2 1-0

[Event "CAN-ch Seniors 65+"]
[Site "Etobicoke CAN"]
[Date "2023.08.06"]
[Round "4.1"]
[White "Loadman, Ian"]
[Black "Hartman, Brian"]
[Result "1/2-1/2"]
[WhiteElo "2132"]
[BlackElo "2340"]
[PlyCount "58"]
[GameId "2160767907068224"]
[EventDate "2023.08.04"]
[EventType "swiss"]
[EventRounds "7"]
[EventCountry "CAN"]

1. e4 e5 2. Nf3 Nc6 3. Bb5 a6 4. Ba4 Nf6 5. d3 b5 6. Bb3 Be7 7. a4 b4 8. a5 d6 9. Nbd2 O-O 10. O-O Be6 11. Nc4 Rb8 12. h3 Rb5 13. Be3 Qa8 14. Qd2 d5 15. Ncxe5 Nxa5 16. Nd4 Nxb3 17. cxb3 Rb7 18. Nec6 Bc5 19. e5 Nd7 20. f4 Rb6 21. f5 Rxc6 22. Nxc6 Qxc6 23. d4 Be7 24. fxe6 Qxe6 25. Qd3 Ra8 26. Qf5 c5 27. Qxe6 fxe6 28. Rfc1 Nb8 29. dxc5 Nc6 1/2-1/2

[Event "CAN-ch Seniors 65+"]
[Site "Etobicoke CAN"]
[Date "2023.08.06"]
[Round "5.2"]
[White "Hartman, Brian"]
[Black "Fradkin, Benjamin"]
[Result "1-0"]
[WhiteElo "2340"]
[BlackElo "1906"]
[PlyCount "71"]
[GameId "2160767907068231"]
[EventDate "2023.08.04"]
[EventType "swiss"]
[EventRounds "7"]
[EventCountry "CAN"]

1. e4 c6 2. d4 d5 3. Nc3 dxe4 4. Nxe4 Bf5 5. Ng3 Bg6 6. Bc4 Nf6 7. N1e2 h6 8. O-O e6 9. f4 Bd6 10. f5 exf5 11. Nxf5 Bxf5 12. Rxf5 O-O 13. Qd3 Nd5 14. Bd2 Nd7 15. Raf1 N7f6 16. Qh3 Qe7 17. Bd3 Rae8 18. c4 Ne3 19. Rxf6 gxf6 20. Rf3 Qe6 21. Qxh6 f5 22. Bxe3 Qg6 23. Rh3 Qxh6 24. Bxh6 Re6 25. Bxf8 Kxf8 26. Rf3 c5 27. d5 Re5 28. Rxf5 Re3 29. Rf3 Re5 30. h4 b5 31. g3 bxc4 32. Bxc4 Re4 33. b3 a5 34. a4 Kg7 35. Kf2 Re7 36. Re3 1-0

[Event "CAN-ch Seniors 65+"]
[Site "Etobicoke CAN"]
[Date "2023.08.07"]
[Round "6.1"]
[White "Hartman, Brian"]
[Black "Berengolts, Isai"]
[Result "1-0"]
[WhiteElo "2340"]
[BlackElo "2018"]
[PlyCount "121"]
[GameId "2160767907068236"]
[EventDate "2023.08.04"]
[EventType "swiss"]
[EventRounds "7"]
[EventCountry "CAN"]

1. e4 c5 2. Nf3 g6 3. d4 cxd4 4. Nxd4 Nc6 5. Nc3 Bg7 6. Be3 Nf6 7. Nb3 O-O 8. Qd2 d6 9. f3 Be6 10. O-O-O Ne5 11. Kb1 a6 12. h4 h5 13. Be2 b5 14. g4 Bc4 15. gxh5 Nxh5 16. Rhg1 Bxe2 17. Qxe2 e6 18. Qf2 Rc8 19. Bd4 Qc7 20. f4 Nc4 21. Bxg7 Kxg7 22. Ne2 Kh7 23. c3 b4 24. cxb4 Qb7 25. Qf3 Qxb4 26. Rg5 Nf6 27. h5 Nxe4 28. hxg6+ Kg7 29. gxf7+ Nxg5 30. fxg5 Rxf7 31. Qh3 Ne5 32. Qh6+ Kg8 33. Ned4 Qb7 34. Qxe6 Qd7 35. Qd5 Qg4 36. Rh1 Qxg5 37. a3 Nf3 38. Qxd6 Nxd4 39. Qxd4 Rg7 40. Ka1 a5 41. Qa4 Qd5 42. Re1 Kh7 43. Nxa5 Ra8 44. Qc2+ Kg8 45. Nc4 Rc8 46. Nb6 Rxc2 47. Nxd5 Rgg2 48. Ne3 Rxb2 49. Nxg2 Rxg2 50. Rf1 Kg7 51. Kb1 Kg8 52. a4 Kg7 53. Rf4 Re2 54. a5 Re5 55. Ra4 Kf6 56. Kb2 Ke7 57. a6 Rb5+ 58. Kc3 Rb8 59. a7 Ra8 60. Kc4 Kd6 61. Kb5 1-0

[Event "CAN-ch Seniors 65+"]
[Site "Etobicoke CAN"]
[Date "2023.08.07"]
[Round "7.2"]
[White "Benggawan, Undriadi"]
[Black "Hartman, Brian"]
[Result "0-1"]
[WhiteElo "1327"]
[BlackElo "2340"]
[PlyCount "56"]
[GameId "2160767907068243"]
[EventDate "2023.08.04"]
[EventType "swiss"]
[EventRounds "7"]
[EventCountry "CAN"]

1. d4 Nf6 2. Bf4 c5 3. Nc3 cxd4 4. Qxd4 Nc6 5. Qd2 d6 6. e3 g6 7. Bd3 Bg7 8. h3 Bd7 9. Bh2 Rc8 10. f4 Na5 11. Nf3 Nc4 12. Qc1 Qb6 13. Nd1 Nd5 14. Bxc4 Rxc4 15. c3 O-O 16. Bg3 Re4 17. Ng5 Rc4 18. Bf2 Nf6 19. e4 Qc7 20. Ne3 Rc6 21. Qc2 b5 22. Qd3 Qb7 23. Rd1 Ra6 24. e5 Nh5 25. Nd5 Bc6 26. g4 Bxd5 27. Qxd5 Qxd5 28. Rxd5 Nxf4 0-1

[Event "Niagara Falls op"]
[Site "Niagara Falls CAN"]
[Date "2023.04.23"]
[Round "5"]
[White "Khelaia, Giorgi"]
[Black "Hartman, Brian"]
[Result "0-1"]
[WhiteElo "1996"]
[BlackElo "2327"]
[PlyCount "62"]
[GameId "2160767907224620"]
[EventDate "2023.04.21"]
[EventType "swiss"]
[EventRounds "5"]
[EventCountry "CAN"]

1. c4 e5 2. Nc3 Nf6 3. g3 c6 4. d4 e4 5. Bg2 d5 6. f3 Bb4 7. Qb3 a5 8. c5 O-O 9. a3 Bxc3+ 10. Qxc3 Nbd7 11. Bf4 Re8 12. O-O-O b6 13. g4 exf3 14. exf3 bxc5 15. dxc5 a4 16. Bd6 Qa5 17. Qd4 Nf8 18. Nh3 Ne6 19. Qb4 h6 20. Rhe1 Qxb4 21. axb4 Ba6 22. Nf2 Bc4 23. Bf1 a3 24. Bxc4 dxc4 25. Kb1 Ra4 26. bxa3 Rxa3 27. Ne4 Nd5 28. f4 Rea8 29. Be5 Rb3+ 30. Kc1 Nexf4 31. Bxf4 Nxf4 0-1

[Event "Semiahmoo op Premier"]
[Site "White Rock CAN"]
[Date "2017.08.05"]
[Round "1.1"]
[White "Hartman, Brian"]
[Black "North, Robert"]
[Result "1-0"]
[WhiteElo "2438"]
[BlackElo "2069"]
[PlyCount "71"]
[GameId "2160767908347548"]
[EventDate "2017.08.05"]
[EventType "swiss"]
[EventRounds "6"]
[EventCountry "CAN"]
[SourceTitle "EXT 2022"]
[Source "ChessBase"]
[SourceDate "2021.10.06"]
[SourceVersion "1"]
[SourceVersionDate "2021.10.06"]
[SourceQuality "1"]

1. e4 c5 2. Nf3 e6 3. d4 cxd4 4. Nxd4 Nc6 5. Nc3 Qc7 6. g3 a6 7. Bg2 Nf6 8. O-O Be7 9. Re1 d6 10. Nxc6 bxc6 11. e5 Nd5 12. exd6 Qxd6 13. Ne4 Qd7 14. c4 Nf6 15. Qa4 Bb7 16. Bf4 Nxe4 17. Bxe4 O-O 18. Rad1 Qc8 19. Qc2 h6 20. c5 Rd8 21. Rxd8+ Bxd8 22. Qd2 Bf6 23. Rd1 e5 24. Be3 Qc7 25. Qd7 Rc8 26. b4 Qb8 27. Qf5 Rd8 28. Rd6 Qc8 29. Qh7+ Kf8 30. Bf5 Qc7 31. h4 Ke7 32. Kh2 Bc8 33. Be4 Bb7 34. Qf5 Ke8 35. Rxf6 gxf6 36. Qxf6 1-0

[Event "Semiahmoo op Premier"]
[Site "White Rock CAN"]
[Date "2017.08.05"]
[Round "2.1"]
[White "Patterson, Roger"]
[Black "Hartman, Brian"]
[Result "1/2-1/2"]
[WhiteElo "2107"]
[BlackElo "2438"]
[PlyCount "99"]
[GameId "2160767908347556"]
[EventDate "2017.08.05"]
[EventType "swiss"]
[EventRounds "6"]
[EventCountry "CAN"]
[SourceTitle "EXT 2022"]
[Source "ChessBase"]
[SourceDate "2021.10.06"]
[SourceVersion "1"]
[SourceVersionDate "2021.10.06"]
[SourceQuality "1"]

1. c4 Nf6 2. Nf3 c5 3. g3 Nc6 4. Bg2 g6 5. O-O Bg7 6. Nc3 O-O 7. d4 cxd4 8. Nxd4 Ng4 9. e3 d6 10. b3 Nge5 11. Bb2 Bg4 12. f3 Bd7 13. Qd2 Nxd4 14. exd4 Nc6 15. Nd5 e6 16. Ne3 Qb6 17. Rad1 a5 18. Bc3 e5 19. dxe5 dxe5 20. Kh1 Be6 21. Nd5 Bxd5 22. cxd5 Ne7 23. f4 Nf5 24. Rfe1 exf4 25. Bxg7 Kxg7 26. Qxf4 Rfe8 27. Re5 Rad8 28. Rf1 Rxe5 29. Qxe5+ Kg8 30. Qf4 Qd6 31. Qf2 Qb4 32. Qf3 Re8 33. Bh3 Nd6 34. Qf6 Qe4+ 35. Bg2 Qe5 36. Qf2 Qc3 37. Qf4 Qe5 38. Qf2 Nf5 39. d6 Nxd6 40. Bxb7 Qe2 41. Bd5 Qxf2 42. Rxf2 Re5 43. Rd2 Kg7 44. Bf3 Nf5 45. Kg1 Rc5 46. Kf2 h5 47. Be4 Nh6 48. Ke3 Ng4+ 49. Kd4 Nf6 50. Rb2 1/2-1/2

[Event "Semiahmoo op Premier"]
[Site "White Rock CAN"]
[Date "2017.08.06"]
[Round "3.2"]
[White "Hartman, Brian"]
[Black "Doknjas, Joshua"]
[Result "0-1"]
[WhiteElo "2438"]
[BlackElo "2203"]
[PlyCount "36"]
[GameId "2160767908347564"]
[EventDate "2017.08.05"]
[EventType "swiss"]
[EventRounds "6"]
[EventCountry "CAN"]
[SourceTitle "EXT 2022"]
[Source "ChessBase"]
[SourceDate "2021.10.06"]
[SourceVersion "1"]
[SourceVersionDate "2021.10.06"]
[SourceQuality "1"]

1. e4 c5 2. Nc3 a6 3. f4 b5 4. Nf3 Bb7 5. d3 e6 6. Be2 d5 7. e5 Nc6 8. O-O h5 9. f5 exf5 10. Ng5 Nd4 11. Bxh5 g6 12. e6 Nxe6 13. Nxe6 fxe6 14. Bxg6+ Kd7 15. Bf4 d4 16. Nb1 Nf6 17. g3 Ng4 18. Nd2 Qf6 0-1

[Event "Semiahmoo op Premier"]
[Site "White Rock CAN"]
[Date "2017.08.06"]
[Round "4.6"]
[White "James, Rowan"]
[Black "Hartman, Brian"]
[Result "0-1"]
[WhiteElo "1938"]
[BlackElo "2438"]
[PlyCount "52"]
[GameId "2160767908347576"]
[EventDate "2017.08.05"]
[EventType "swiss"]
[EventRounds "6"]
[EventCountry "CAN"]
[SourceTitle "EXT 2022"]
[Source "ChessBase"]
[SourceDate "2021.10.06"]
[SourceVersion "1"]
[SourceVersionDate "2021.10.06"]
[SourceQuality "1"]

1. e4 c5 2. c3 Nf6 3. e5 Nd5 4. d4 cxd4 5. cxd4 e6 6. Nf3 Be7 7. Nc3 Nxc3 8. bxc3 Qc7 9. Bd2 b6 10. Bd3 Bb7 11. O-O d6 12. Re1 Nd7 13. Qe2 h6 14. Rad1 O-O 15. h3 dxe5 16. Nxe5 Nxe5 17. dxe5 Rfd8 18. Qg4 Kh8 19. Bb1 Rac8 20. Qh5 Bf8 21. Re3 Rd5 22. Qe2 Rcd8 23. f4 Qd7 24. Be4 Rxd2 25. Rxd2 Qxd2 26. Bxb7 Bc5 0-1

[Event "Semiahmoo op Premier"]
[Site "White Rock CAN"]
[Date "2017.08.07"]
[Round "5.2"]
[White "Hartman, Brian"]
[Black "Su, Michael"]
[Result "1-0"]
[WhiteElo "2438"]
[BlackElo "1984"]
[PlyCount "77"]
[GameId "2160767908347581"]
[EventDate "2017.08.05"]
[EventType "swiss"]
[EventRounds "6"]
[EventCountry "CAN"]
[SourceTitle "EXT 2022"]
[Source "ChessBase"]
[SourceDate "2021.10.06"]
[SourceVersion "1"]
[SourceVersionDate "2021.10.06"]
[SourceQuality "1"]

1. e4 c5 2. Nf3 e6 3. d4 cxd4 4. Nxd4 Nc6 5. Nc3 Qc7 6. g3 a6 7. Bg2 h5 8. Nf3 Nf6 9. Bf4 d6 10. Qe2 Ne5 11. h3 b5 12. O-O Bb7 13. a3 Be7 14. Nd2 Rd8 15. a4 b4 16. Na2 Ng6 17. Bg5 h4 18. Nxb4 Qc5 19. Bxf6 Bxf6 20. Nd3 Qc7 21. g4 d5 22. Rfe1 dxe4 23. Nxe4 Bd4 24. Qf3 Bd5 25. Rad1 Qb7 26. c3 Ba7 27. Nb4 O-O 28. Nxd5 exd5 29. Ng5 Qxb2 30. Bf1 Qb6 31. Rb1 Qc6 32. c4 Qxa4 33. Rb7 Rd7 34. Rxd7 Qxd7 35. cxd5 a5 36. Rd1 Bc5 37. d6 Bb4 38. Bc4 Ne5 39. Qe4 1-0

[Event "Arnprior op"]
[Site "Arnprior CAN"]
[Date "2011.05.01"]
[Round "2"]
[White "Hartman, Brian"]
[Black "Doubleday, William"]
[Result "1-0"]
[WhiteElo "2454"]
[BlackElo "2127"]
[PlyCount "79"]
[GameId "2160767909704680"]
[EventDate "2011.04.30"]
[EventType "swiss"]
[EventRounds "5"]
[EventCountry "CAN"]

1. e4 c5 2. Nf3 Nc6 3. d4 cxd4 4. Nxd4 Qb6 5. Nb3 Nf6 6. Nc3 e6 7. Bd3 d6 8. O-O Be7 9. Kh1 O-O 10. f4 Rd8 11. Qf3 d5 12. e5 Nd7 13. a3 Nf8 14. Qg3 a6 15. Bd2 Qc7 16. Rae1 f5 17. Ne2 d4 18. Qf2 Qd7 19. h3 b6 20. Kh2 Bb7 21. g4 g6 22. Ng1 Qd5 23. Qf3 Qd7 24. Qg3 Kh8 25. Nf3 Qd5 26. Rf2 Bc5 27. Qh4 Qd7 28. Bc4 Ne7 29. Nxc5 bxc5 30. Ng5 Nd5 31. gxf5 gxf5 32. Rg1 Re8 33. Qh5 Re7 34. Rfg2 Ng6 35. Nxh7 Ndxf4 36. Bxf4 Nxf4 37. Rg8+ Rxg8 38. Rxg8+ Kxg8 39. Nf6+ Kg7 40. Qh7+ 1-0

[Event "Arnprior op"]
[Site "Arnprior CAN"]
[Date "2011.04.30"]
[Round "3"]
[White "Pacey, Kevin"]
[Black "Hartman, Brian"]
[Result "1/2-1/2"]
[WhiteElo "2294"]
[BlackElo "2454"]
[PlyCount "105"]
[GameId "2160767909704681"]
[EventDate "2011.04.30"]
[EventType "swiss"]
[EventRounds "5"]
[EventCountry "CAN"]

1. c4 c5 2. Nf3 Nf6 3. Nc3 g6 4. d4 cxd4 5. Nxd4 Bg7 6. g3 Nc6 7. Bg2 O-O 8. O-O Qb6 9. Nb3 d6 10. Bg5 Be6 11. Nd5 Bxd5 12. cxd5 Ne5 13. Be3 Qa6 14. Bd4 Nc4 15. Qd3 Nd7 16. Bxg7 Kxg7 17. Rfc1 b5 18. a4 bxa4 19. Rxc4 Ne5 20. Rcxa4 Qxa4 21. Rxa4 Nxd3 22. exd3 Rfb8 23. Ra3 Kf8 24. Bf3 Rb5 25. Bd1 a5 26. Kg2 Ra7 27. Nd4 Rxb2 28. Nc6 Ra6 29. Nxa5 Rb5 30. Nc4 Rxa3 31. Nxa3 Rxd5 32. Be2 Rc5 33. Nc4 d5 34. Ne3 e6 35. f4 Ra5 36. g4 h6 37. h4 Ke7 38. h5 Ra4 39. hxg6 fxg6 40. Kf3 Kd6 41. Ng2 g5 42. Ke3 Ra3 43. fxg5 hxg5 44. Ne1 Ke5 45. Nc2 Rc3 46. Ne1 Rb3 47. Bd1 Ra3 48. Nc2 Rc3 49. Ne1 d4+ 50. Kf2 Kf4 51. Ng2+ Ke5 52. Ne1 Kf4 53. Ng2+ 1/2-1/2

[Event "Brantford op"]
[Site "Brantford CAN"]
[Date "1998.11.07"]
[Round "3"]
[White "Cafengiu, Greg"]
[Black "Hartman, Brian"]
[Result "1/2-1/2"]
[WhiteElo "1949"]
[BlackElo "2431"]
[PlyCount "93"]
[GameId "2160767911806076"]
[EventDate "1998.11.07"]
[EventType "swiss"]
[EventRounds "5"]
[EventCountry "CAN"]

1. e4 e5 2. Nf3 Nc6 3. d4 exd4 4. Bc4 Nf6 5. e5 d5 6. Bb5 Ne4 7. Nxd4 Bc5 8. Be3 Bd7 9. Bxc6 bxc6 10. Nd2 Nxd2 11. Qxd2 Qe7 12. Nb3 Bb6 13. Qc3 O-O 14. O-O f6 15. exf6 Qxf6 16. Qxf6 Rxf6 17. Nc5 Bf5 18. c3 Rg6 19. Rfe1 Bh3 20. g3 a5 21. Bd4 a4 22. Re7 Bxc5 23. Bxc5 Re6 24. Re1 Rxe1+ 25. Rxe1 Rb8 26. Ba3 c5 27. f3 d4 28. Rc1 d3 29. Rd1 c4 30. Rd2 Rb5 31. Kf2 h5 32. Ke3 Re5+ 33. Kf2 Kf7 34. Bb4 Be6 35. f4 Rb5 36. Ke3 Rd5 37. Rf2 c6 38. Rd2 Bg4 39. Rf2 Be2 40. Kd2 g6 41. h3 Rb5 42. Ba3 Ke6 43. Rg2 Kf5 44. Rf2 Ke4 45. f5 Rxf5 46. Rxf5 gxf5 47. h4 1/2-1/2

[Event "North Bay int."]
[Site "North Bay CAN"]
[Date "1995.08.03"]
[Round "2"]
[White "Hartman, Brian"]
[Black "Cossette, Daniel"]
[Result "1-0"]
[WhiteElo "2417"]
[BlackElo "2374"]
[PlyCount "63"]
[GameId "2160767912063873"]
[EventDate "1995.08.03"]
[EventType "swiss"]
[EventRounds "8"]
[EventCountry "CAN"]

1. e4 c5 2. Nf3 Nc6 3. d4 cxd4 4. Nxd4 g6 5. Nb3 Bg7 6. Be2 Nf6 7. Nc3 O-O 8. O-O d6 9. Bg5 h6 10. Bh4 Bd7 11. f4 Rc8 12. Kh1 Na5 13. e5 Nxb3 14. exf6 Nxa1 15. fxe7 Qa5 16. exf8=Q+ Bxf8 17. Qxa1 Bc6 18. f5 gxf5 19. Bd3 Bd7 20. Qd1 Bg7 21. Qf3 Qb4 22. Qg3 Kh8 23. Nd5 Qd4 24. Ne7 Re8 25. c3 Qa4 26. Qf4 Qxa2 27. Bf6 Kh7 28. Bxf5+ Bxf5 29. Qxf5+ Kh8 30. Bxg7+ Kxg7 31. Qf6+ Kh7 32. Nf5 1-0

[Event "North Bay int."]
[Site "North Bay CAN"]
[Date "1995.08.04"]
[Round "3"]
[White "Beckwith, Paul"]
[Black "Hartman, Brian"]
[Result "1/2-1/2"]
[WhiteElo "2204"]
[BlackElo "2417"]
[PlyCount "129"]
[GameId "2160767912063895"]
[EventDate "1995.08.03"]
[EventType "swiss"]
[EventRounds "8"]
[EventCountry "CAN"]

1. e4 e5 2. Nf3 Nc6 3. Bc4 Nf6 4. d3 Be7 5. Nc3 d6 6. h3 O-O 7. O-O Na5 8. Bb3 Nxb3 9. axb3 c5 10. Bd2 Ne8 11. Nd5 f5 12. Ba5 Qd7 13. Bb6 Nf6 14. Qe2 Nxd5 15. exd5 Bd8 16. Bxd8 Qxd8 17. Ra3 Qf6 18. Rfa1 a6 19. Nd2 Qg6 20. f4 exf4 21. Rf1 b5 22. Rxf4 Bb7 23. c4 Rae8 24. Qf2 Rf7 25. Ra1 Rfe7 26. Rxf5 Bc8 27. Rf3 Re2 28. Rf8+ Rxf8 29. Qxe2 Bxh3 30. Rxa6 bxc4 31. bxc4 Bg4 32. Qe3 Qf6 33. Rb6 h6 34. Ne4 Qf1+ 35. Kh2 Rf5 36. Ng3 Qf4 37. Qxf4 Rxf4 38. Rxd6 Rd4 39. Rc6 Rxd3 40. Rxc5 Rd2 41. b4 Bf3 42. Nf5 Bxg2 43. Kg3 Be4 44. Rc8+ Kh7 45. Nd6 Rd3+ 46. Kf4 Bxd5 47. cxd5 Rxd5 48. Ne4 Rb5 49. Rc4 g5+ 50. Kg4 Kg6 51. Nc3 h5+ 52. Kg3 Re5 53. b5 Kf5 54. b6 h4+ 55. Kg2 Re8 56. b7 Rb8 57. Rc7 Ke5 58. Kh3 Kd6 59. Nb5+ Kd5 60. Kg4 Ke6 61. Rh7 Kd5 62. Na7 Kd6 63. Nc8+ Kc6 64. Na7+ Kd6 65. Nc8+ 1/2-1/2

[Event "North Bay int."]
[Site "North Bay CAN"]
[Date "1995.08.04"]
[Round "4"]
[White "Hartman, Brian"]
[Black "Littke, Adam"]
[Result "1/2-1/2"]
[WhiteElo "2417"]
[BlackElo "2355"]
[PlyCount "68"]
[GameId "2160767912063922"]
[EventDate "1995.08.03"]
[EventType "swiss"]
[EventRounds "8"]
[EventCountry "CAN"]

1. e4 e5 2. Nf3 Nc6 3. Bb5 a6 4. Ba4 Nf6 5. O-O Be7 6. Re1 b5 7. Bb3 O-O 8. c3 d6 9. h3 h6 10. d4 Re8 11. Nbd2 Bf8 12. a3 Bb7 13. Ba2 Nb8 14. d5 c6 15. dxc6 Bxc6 16. b4 Nbd7 17. c4 Nb6 18. cxb5 axb5 19. Bb3 Qc7 20. Bb2 Qb7 21. Qe2 Rac8 22. Rad1 Na4 23. Ba1 Bd7 24. Qd3 Nh5 25. Bd5 Qa7 26. Qb3 Be6 27. Nf1 Nf4 28. Bxe6 Rxe6 29. Ne3 Nb6 30. Nd2 Ra8 31. Bb2 Na4 32. Ba1 Nb6 33. Bb2 Na4 34. Ba1 Nb6 1/2-1/2

[Event "North Bay int."]
[Site "North Bay CAN"]
[Date "1995.08.05"]
[Round "5"]
[White "Segal, Valery"]
[Black "Hartman, Brian"]
[Result "1/2-1/2"]
[WhiteElo "2288"]
[BlackElo "2417"]
[PlyCount "52"]
[GameId "2160767912063957"]
[EventDate "1995.08.03"]
[EventType "swiss"]
[EventRounds "8"]
[EventCountry "CAN"]

1. e4 c5 2. Nc3 Nc6 3. f4 e6 4. Nf3 Nge7 5. Bb5 a6 6. Bxc6 Nxc6 7. d3 d5 8. e5 Be7 9. O-O b5 10. Ne2 d4 11. Ng3 O-O 12. Ne4 Bb7 13. Bd2 Rc8 14. Qe1 Kh8 15. a3 c4 16. Qg3 Qd5 17. Qh3 cxd3 18. cxd3 Qb3 19. Nfg5 h6 20. f5 exf5 21. Rxf5 Nd8 22. Nd6 Bxd6 23. Rf6 Kg8 24. Rxh6 gxh6 25. Qf5 hxg5 26. Qxg5+ Kh7 1/2-1/2

[Event "Wentworth active"]
[Site "Hamilton CAN"]
[Date "1995.??.??"]
[Round "?"]
[White "Day, Lawrence"]
[Black "Hartman, Brian"]
[Result "1-0"]
[WhiteElo "2474"]
[BlackElo "2524"]
[PlyCount "87"]
[GameId "2160767912139972"]
[EventDate "1995.??.??"]
[EventType "rapid"]
[EventCountry "CAN"]
[SourceTitle "CFC 1995.10"]

1. e4 c5 2. Nc3 e6 3. Nge2 Nc6 4. g3 Nf6 5. Bg2 d5 6. exd5 exd5 7. d4 cxd4 8. Nxd4 Bg4 9. Qd3 Be7 10. O-O O-O 11. h3 Bh5 12. Be3 Bg6 13. Qb5 Nb4 14. a3 Nxc2 15. Nxc2 Bxc2 16. Nxd5 Nxd5 17. Qxd5 Qxd5 18. Bxd5 Bf6 19. Rac1 Bf5 20. g4 Be6 21. Bxe6 fxe6 22. Rc2 Rac8 23. Rfc1 Rxc2 24. Rxc2 a6 25. Kf1 Rf7 26. Ke2 Rd7 27. g5 Be5 28. f4 Bc7 29. Kf3 Kf7 30. Ke4 Bd8 31. Bd4 Rd5 32. Rc8 g6 33. a4 Rd7 34. b4 Rd5 35. a5 Rd7 36. Rb8 Be7 37. Rh8 Bxb4 38. Rxh7+ Ke8 39. Rh8+ Kf7 40. h4 Bxa5 41. h5 gxh5 42. Rh7+ Ke8 43. g6 Rd8 44. Bf6 1-0

[Event "Casa Loma op"]
[Site "Toronto CAN"]
[Date "1994.??.??"]
[Round "1"]
[White "Vranesic, Zvonko"]
[Black "Hartman, Brian"]
[Result "0-1"]
[WhiteElo "2315"]
[BlackElo "2390"]
[PlyCount "68"]
[GameId "2160767912227821"]
[EventDate "1994.??.??"]
[EventType "swiss (rapid)"]
[EventRounds "4"]
[EventCountry "CAN"]
[SourceTitle "EXT 2002"]
[Source "ChessBase"]
[SourceDate "2001.11.25"]
[SourceVersion "1"]
[SourceVersionDate "2001.11.25"]
[SourceQuality "1"]

1. d4 Nf6 2. c4 c5 3. d5 b5 4. cxb5 a6 5. e3 axb5 6. Bxb5 Qa5+ 7. Nc3 Bb7 8. Nge2 Bxd5 9. O-O Bc6 10. Qd3 g6 11. e4 d6 12. a4 Bg7 13. Ra3 O-O 14. Nd5 Bxd5 15. exd5 Na6 16. Nc3 Nb4 17. Qd1 Qc7 18. Bg5 Qb7 19. Bc4 h6 20. Be3 Qd7 21. h3 Qf5 22. Qd2 Ne4 23. Nxe4 Qxe4 24. Rc1 Kh7 25. f3 Qe5 26. Rb1 Ra7 27. Bf2 Qf5 28. Rc1 Rfa8 29. b3 Qf6 30. Raa1 Qb2 31. Qd1 Qe5 32. Rab1 Na2 33. Rc2 Nc3 34. Rxc3 Qxc3 0-1

[Event "Casa Loma op"]
[Site "Toronto CAN"]
[Date "1994.??.??"]
[Round "2"]
[White "Hartman, Brian"]
[Black "Assem, Magdy"]
[Result "1-0"]
[WhiteElo "2390"]
[BlackElo "2300"]
[PlyCount "35"]
[GameId "2160767912227823"]
[EventDate "1994.??.??"]
[EventType "swiss (rapid)"]
[EventRounds "4"]
[EventCountry "CAN"]
[SourceTitle "EXT 2002"]
[Source "ChessBase"]
[SourceDate "2001.11.25"]
[SourceVersion "1"]
[SourceVersionDate "2001.11.25"]
[SourceQuality "1"]

1. e4 e5 2. Nf3 Nc6 3. Bb5 a6 4. Ba4 d6 5. Bxc6+ bxc6 6. d4 f6 7. Nc3 Ne7 8. Be3 Ng6 9. Qd2 Be6 10. h4 h5 11. O-O-O Qb8 12. dxe5 Nxe5 13. Nxe5 dxe5 14. f4 Bd6 15. fxe5 fxe5 16. Qf2 Qb4 17. a3 Qa5 18. Rxd6 1-0

[Event "Casa Loma op"]
[Site "Toronto CAN"]
[Date "1994.??.??"]
[Round "4"]
[White "Hartman, Brian"]
[Black "Bekefi, Laszlo"]
[Result "1/2-1/2"]
[WhiteElo "2390"]
[BlackElo "2300"]
[PlyCount "45"]
[GameId "2160767912227838"]
[EventDate "1994.??.??"]
[EventType "swiss (rapid)"]
[EventRounds "4"]
[EventCountry "CAN"]
[SourceTitle "EXT 2002"]
[Source "ChessBase"]
[SourceDate "2001.11.25"]
[SourceVersion "1"]
[SourceVersionDate "2001.11.25"]
[SourceQuality "1"]

1. e4 e6 2. d4 d5 3. e5 c5 4. Nf3 Nc6 5. Bd3 cxd4 6. O-O Nge7 7. Bf4 Ng6 8. Bg3 Be7 9. Nbd2 f5 10. exf6 gxf6 11. Nh4 f5 12. Nxg6 hxg6 13. Nf3 Bf6 14. Bb5 Bd7 15. Bxc6 bxc6 16. Nxd4 e5 17. Bxe5 Bxe5 18. Re1 Kf7 19. Rxe5 Rxh2 20. Kxh2 Qh8+ 21. Kg1 Qxe5 22. Nf3 Qf6 23. c3 1/2-1/2

[Event "Guelph op"]
[Site "Guelph CAN"]
[Date "1994.??.??"]
[Round "?"]
[White "Hartman, Brian"]
[Black "Hall, John"]
[Result "1-0"]
[WhiteElo "2412"]
[BlackElo "2178"]
[PlyCount "71"]
[GameId "2160767912236137"]
[EventDate "1994.??.??"]
[EventType "swiss"]
[EventRounds "5"]
[EventCountry "CAN"]
[SourceTitle "CFC 1994.06"]
[SourceDate "2011.01.01"]
[SourceVersion "1"]
[SourceVersionDate "2011.01.01"]
[SourceQuality "1"]

1. e4 e5 2. Nf3 d6 3. d4 exd4 4. Nxd4 g6 5. Be2 Nf6 6. Nc3 Bg7 7. Bg5 O-O 8. Qd2 Re8 9. f3 Nc6 10. Nxc6 bxc6 11. h4 Be6 12. h5 Qb8 13. hxg6 fxg6 14. O-O-O Qb4 15. a3 Qb7 16. Na4 Rab8 17. Qa5 c5 18. Ba6 Qc6 19. Nc3 Rf8 20. Bh6 Rb6 21. Be2 c4 22. Bxg7 Kxg7 23. e5 Nh5 24. exd6 cxd6 25. Ne4 Nf4 26. Qc3+ Kg8 27. Bf1 Nd5 28. Rxd5 Qxd5 29. Nf6+ Rxf6 30. Qxf6 c3 31. Qd8+ Kg7 32. Qc7+ Kf8 33. Qxc3 Qa2 34. Rxh7 Bf7 35. Qf6 Ke8 36. Bd3 1-0